[Event "DEN-chT 1819 57th"]
[Site "Denmark"]
[Date "2018.10.27"]
[Round "1"]
[White "Greger, Roland Reinhard"]
[Black "Danielsen, Henrik"]
[Result "0-1"]
[WhiteElo "2294"]
[BlackElo "2502"]
[PlyCount "94"]
[EventDate "2018.10.27"]
[EventType "team-tourn"]
[EventRounds "9"]
[EventCountry "DEN"]
[SourceTitle "CBM 188 Extra"]
[Source "ChessBase"]
[SourceDate "2019.02.26"]
[SourceVersion "1"]
[SourceVersionDate "2019.02.26"]
[SourceQuality "1"]
[WhiteTeam "Bronshoj"]
[BlackTeam "Koge Xtracon"]
[WhiteTeamCountry "DEN"]
[BlackTeamCountry "DEN"]

1. e4 d6 2. d4 Nf6 3. Nc3 g6 4. Nf3 c6 5. Be2 Bg7 6. 0-0 0-0 7. a4 Nbd7 8. a5 Qc7 9. h3 e5 10. dxe5 Nxe5 11. Nd4 Re8 12. f4 Ned7 13. Bf3 Nc5 14. Re1 Bd7 15. Ra3 Rad8 16. Nb3 Na6 17. Be3 c5 18. Nd2 Nb4 19. Nc4 Bc6 20. Bc1 d5 21. exd5 Rxe1+ 22. Qxe1 Nxc2 23. Qf2 Nxa3 24. d6 Rxd6 25. Nxd6 Qxd6 26. bxa3 Ng4 27. hxg4 Bxc3 28. Be3 Bd4 29. a6 Bxf3 30. Bxd4 cxd4 31. Qxf3 Qxa6 32. Qd5 Qd3 33. f5 Qd1+ 34. Kf2 Qxg4 35. Qd8+ Kg7 36. f6+ Kh6 37. Qf8+ Kg5 38. Qxf7 Qf4+ 39. Kg1 Qe3+ 40. Kh2 Qe5+ 41. Kg1 d3 42. Qe7 Qd4+ 43. Kh1 Qa1+ 44. Kh2 Qxf6 45. Qc5+ Kg4 46. Qc8+ Qf5 47. Qd8 Qe5+ 0-1

[Event "DEN-chT 1718 56th"]
[Site "Denmark"]
[Date "2018.01.14"]
[Round "6.5"]
[White "Andersen, Jackie"]
[Black "Greger, Roland Reinhard"]
[Result "1/2-1/2"]
[WhiteElo "2388"]
[BlackElo "2298"]
[PlyCount "39"]
[EventDate "2017.11.18"]
[EventType "team-tourn"]
[EventRounds "9"]
[EventCountry "DEN"]
[SourceTitle "EXT 2019"]
[Source "ChessBase"]
[SourceDate "2018.10.10"]
[SourceVersion "1"]
[SourceVersionDate "2018.10.10"]
[SourceQuality "1"]
[WhiteTeam "Skanderborg Nordea"]
[BlackTeam "Bronshoj"]
[WhiteTeamCountry "DEN"]
[BlackTeamCountry "DEN"]

1. d4 Nf6 2. Nf3 e6 3. Bf4 b6 4. e3 Bb7 5. Nbd2 Be7 6. g4 d6 7. Bd3 c5 8. Rg1 Nc6 9. a3 Qd7 10. h4 Nd5 11. Bh2 Nc7 12. Qe2 g6 13. g5 0-0-0 14. dxc5 bxc5 15. Nc4 e5 16. c3 Qe6 17. e4 f5 18. gxf6 Bxf6 19. Ne3 Ne7 20. 0-0-0 1/2-1/2

[Event "DEN-chT 1718 56th"]
[Site "Denmark"]
[Date "2017.12.17"]
[Round "4.2"]
[White "Greger, Roland Reinhard"]
[Black "Vesterli, Michael"]
[Result "0-1"]
[WhiteElo "2298"]
[BlackElo "2095"]
[PlyCount "68"]
[EventDate "2017.11.18"]
[EventType "team-tourn"]
[EventRounds "9"]
[EventCountry "DEN"]
[SourceTitle "EXT 2019"]
[Source "ChessBase"]
[SourceDate "2018.10.10"]
[SourceVersion "1"]
[SourceVersionDate "2018.10.10"]
[SourceQuality "1"]
[WhiteTeam "Bronshoj"]
[BlackTeam "BMS"]
[WhiteTeamCountry "DEN"]
[BlackTeamCountry "DEN"]

1. e4 c5 2. Nf3 e6 3. d3 Nc6 4. g3 Nf6 5. Bg2 d5 6. Nbd2 Be7 7. 0-0 0-0 8. Qe2 b5 9. e5 Nd7 10. Re1 Qb6 11. Nf1 Ba6 12. Ne3 c4 13. dxc4 bxc4 14. c3 d4 15. Nxd4 Nxd4 16. cxd4 Rab8 17. Qg4 Bb4 18. Rd1 f5 19. exf6 Nxf6 20. Qh3 c3 21. bxc3 Bxc3 22. Ba3 Bxa1 23. Bxf8 Bxd4 24. Bxg7 Kxg7 25. Ng4 Rf8 26. Nxf6 Bxf6 27. Be4 Rf7 28. Rb1 Qd6 29. Qxh7+ Kf8 30. Qh6+ Bg7 31. Qg5 Bd4 32. Qh6+ Ke7 33. Qg5+ Kd7 34. Rd1 Bxf2+ 0-1

[Event "DEN-chT 1617 55th"]
[Site "Denmark"]
[Date "2017.01.29"]
[Round "6.6"]
[White "Greger, Roland Reinhard"]
[Black "Skovgaard, Peter"]
[Result "0-1"]
[WhiteElo "2307"]
[BlackElo "2302"]
[PlyCount "70"]
[EventDate "2016.10.29"]
[EventType "team-tourn"]
[EventRounds "9"]
[EventCountry "DEN"]
[SourceTitle "EXT 2018"]
[Source "ChessBase"]
[SourceDate "2017.10.13"]
[SourceVersion "1"]
[SourceVersionDate "2017.10.13"]
[SourceQuality "1"]
[WhiteTeam "Bronshoj"]
[BlackTeam "Philidor"]
[WhiteTeamCountry "DEN"]
[BlackTeamCountry "DEN"]

1. e4 c5 2. Nf3 d6 3. d4 cxd4 4. Nxd4 Nf6 5. Nc3 a6 6. h3 e6 7. g4 d5 8. Bg2 Nxe4 9. Nxe4 dxe4 10. Be3 Nd7 11. 0-0 Be7 12. c4 h5 13. gxh5 Nf6 14. Ne2 Qa5 15. Ng3 Bd7 16. a3 Rd8 17. b4 Qe5 18. h6 gxh6 19. Bd4 Qf4 20. Qc1 Qh4 21. Qe3 Rg8 22. Rfd1 Nh5 23. Be5 f5 24. Nxh5 Qxh5 25. Bc7 Qf3 26. Qxf3 exf3 27. Bxd8 Rxg2+ 28. Kh1 Bxd8 29. Rd3 Bc6 30. b5 axb5 31. cxb5 Be4 32. Rd6 Rxf2 33. Rxe6+ Kf7 34. Rxh6 Bg5 35. Rh7+ Kg6 0-1

[Event "DEN-chT 1415 53rd"]
[Site "Denmark"]
[Date "2015.03.07"]
[Round "8.8"]
[White "Hansen, Mads"]
[Black "Greger, Roland Reinhard"]
[Result "1/2-1/2"]
[WhiteElo "2320"]
[BlackElo "2331"]
[PlyCount "38"]
[EventDate "2014.10.25"]
[EventType "team-tourn"]
[EventRounds "9"]
[EventCountry "DEN"]
[SourceTitle "EXT 2016"]
[Source "ChessBase"]
[SourceDate "2015.10.08"]
[SourceVersion "1"]
[SourceVersionDate "2015.10.08"]
[SourceQuality "1"]
[WhiteTeam "Skanderborg Nordea"]
[BlackTeam "Bronshoj"]
[WhiteTeamCountry "DEN"]
[BlackTeamCountry "DEN"]

1. e4 e6 2. d4 d5 3. Nc3 Nf6 4. e5 Nfd7 5. f4 c5 6. Nf3 Nc6 7. Be3 a6 8. Qd2 b5 9. a3 Qc7 10. dxc5 Bxc5 11. Bxc5 Nxc5 12. b4 Na4 13. Nxa4 bxa4 14. Bd3 Bd7 15. 0-0 Qb6+ 16. Kh1 Ne7 17. c4 dxc4 18. Bxc4 Nf5 19. Rac1 Bc6 1/2-1/2

[Event "DEN-chT 1314 52nd"]
[Site "Denmark"]
[Date "2014.01.26"]
[Round "6.5"]
[White "Rendboe, John Filip"]
[Black "Greger, Roland Reinhard"]
[Result "0-1"]
[WhiteElo "2201"]
[BlackElo "2308"]
[PlyCount "64"]
[EventDate "2013.11.02"]
[EventType "team-tourn"]
[EventRounds "9"]
[EventCountry "DEN"]
[SourceTitle "EXT 2015"]
[Source "ChessBase"]
[SourceDate "2014.11.20"]
[SourceVersion "1"]
[SourceVersionDate "2014.11.20"]
[SourceQuality "1"]
[WhiteTeam "Aarhus/Skolerne"]
[BlackTeam "Bronshoj"]
[WhiteTeamCountry "DEN"]
[BlackTeamCountry "DEN"]

1. d4 Nf6 2. c4 e6 3. Nc3 Bb4 4. e3 c5 5. Bd3 Nc6 6. Nf3 d5 7. 0-0 0-0 8. a3 Bxc3 9. bxc3 dxc4 10. Bxc4 Qc7 11. Qe2 e5 12. h3 b6 13. a4 e4 14. Nd2 Na5 15. Ba2 Re8 16. Ba3 Bd7 17. Nb3 cxd4 18. cxd4 Qc4 19. Qb2 Qxa4 20. Nxa5 Qxa5 21. Rfc1 Qg5 22. Kh2 Be6 23. Bd6 Bxa2 24. Rxa2 Qd5 25. Bg3 a5 26. Ra3 Re6 27. Rb3 a4 28. Rb5 Qd7 29. d5 a3 30. Qb3 Ree8 31. Rc7 a2 32. Rxd7 Nxd7 0-1

[Event "DEN-chT 1314 52nd"]
[Site "Denmark"]
[Date "2013.11.03"]
[Round "2.7"]
[White "Greger, Roland Reinhard"]
[Black "Pedersen, Martin Rosenkilde"]
[Result "1-0"]
[WhiteElo "2308"]
[BlackElo "2176"]
[PlyCount "67"]
[EventDate "2013.11.02"]
[EventType "team-tourn"]
[EventRounds "9"]
[EventCountry "DEN"]
[SourceTitle "EXT 2015"]
[Source "ChessBase"]
[SourceDate "2014.11.20"]
[SourceVersion "1"]
[SourceVersionDate "2014.11.20"]
[SourceQuality "1"]
[WhiteTeam "Bronshoj"]
[BlackTeam "Hillerod"]
[WhiteTeamCountry "DEN"]
[BlackTeamCountry "DEN"]

1. e4 c5 2. Nf3 e6 3. d3 Nc6 4. g3 g6 5. Bg2 Bg7 6. 0-0 Nge7 7. Re1 d6 8. c3 0-0 9. d4 cxd4 10. cxd4 d5 11. e5 Nf5 12. Nc3 f6 13. g4 Nfe7 14. exf6 Rxf6 15. Bg5 Rf7 16. Qd2 Rxf3 17. Bxf3 Nxd4 18. Bg2 Ndc6 19. Rad1 Qf8 20. h3 Kh8 21. Nb5 Rb8 22. Nc7 Qf7 23. Bf4 e5 24. Nxd5 Bxg4 25. hxg4 exf4 26. Nxe7 Nxe7 27. Qd6 Re8 28. Bxb7 Bxb2 29. Qe6 Kg7 30. Bc6 Nxc6 31. Qxe8 Qf6 32. Qe6 Qc3 33. g5 Nd4 34. Qd7+ 1-0

[Event "Copenhagen Bronshoj-ch"]
[Site "Copenhagen"]
[Date "2013.03.18"]
[Round "3"]
[White "Greger, Roland Reinhard"]
[Black "Carstensen, Jacob"]
[Result "0-1"]
[WhiteElo "2364"]
[BlackElo "2385"]
[PlyCount "86"]
[EventDate "2013.02.28"]
[EventType "tourn"]
[EventRounds "9"]
[EventCountry "DEN"]
[SourceTitle "EXT 2016"]
[Source "ChessBase"]
[SourceDate "2015.10.08"]
[SourceVersion "1"]
[SourceVersionDate "2015.10.08"]
[SourceQuality "1"]

1. e4 c5 2. Nf3 d6 3. d4 cxd4 4. Nxd4 Nf6 5. Nc3 a6 6. f4 e5 7. Nf3 Nbd7 8. a4 Be7 9. Bd3 0-0 10. 0-0 Nc5 11. Kh1 exf4 12. Bxf4 Bg4 13. h3 Bh5 14. Qd2 Bg6 15. Rae1 Re8 16. Bc4 Rc8 17. e5 dxe5 18. Qxd8 Bxd8 19. Nxe5 Ba5 20. Nxg6 hxg6 21. Rxe8+ Rxe8 22. Nd5 Nxa4 23. Bg5 Ne4 24. Rxf7 Nxg5 25. Rxb7 Kh8 26. b4 Bd8 27. Bxa6 Bf6 28. Bd3 Re1+ 29. Kh2 Be5+ 30. g3 Nb2 31. h4 Nxd3 32. hxg5 Re2+ 33. Kh3 Rxc2 34. Ne7 Kh7 35. Rb6 Nf2+ 36. Kg2 Ne4+ 37. Kf3 Nxg5+ 38. Kg4 Bf6 39. Nd5 Rc4+ 40. Nf4 Ne4 41. Kf3 Nxg3 42. Nd5 Nf5 43. b5 Rc5 0-1

[Event "Copenhagen Bronshoj-ch"]
[Site "Copenhagen"]
[Date "2013.02.28"]
[Round "1"]
[White "Greger, Roland Reinhard"]
[Black "Skjoldager, Mikael"]
[Result "0-1"]
[WhiteElo "2364"]
[BlackElo "2096"]
[PlyCount "48"]
[EventDate "2013.02.28"]
[EventType "tourn"]
[EventRounds "9"]
[EventCountry "DEN"]
[SourceTitle "EXT 2016"]
[Source "ChessBase"]
[SourceDate "2015.10.08"]
[SourceVersion "1"]
[SourceVersionDate "2015.10.08"]
[SourceQuality "1"]

1. e4 e5 2. Nf3 Nc6 3. d4 exd4 4. Nxd4 Nf6 5. Nxc6 bxc6 6. e5 Qe7 7. Qe2 Nd5 8. c4 Nb6 9. Nc3 Qe6 10. Bd2 g6 11. f4 Bg7 12. Ne4 0-0 13. 0-0-0 Rb8 14. Bb4 d6 15. exd6 Na4 16. Bc3 Nxc3 17. bxc3 Qf5 18. g3 cxd6 19. Rxd6 Qa5 20. Rd2 Bf5 21. Bg2 Bxe4 22. Bxe4 Qxc3+ 23. Rc2 Rb1+ 24. Kxb1 Qa1# 0-1

[Event "DEN-chT 1213"]
[Site "Denmark"]
[Date "2013.01.27"]
[Round "6.5"]
[White "Greger, Roland Reinhard"]
[Black "Laursen, Niels Norskov"]
[Result "1-0"]
[WhiteElo "2364"]
[BlackElo "2261"]
[PlyCount "81"]
[EventDate "2012.10.27"]
[EventType "team-tourn"]
[EventRounds "9"]
[EventCountry "DEN"]
[SourceTitle "EXT 2014"]
[Source "ChessBase"]
[SourceDate "2013.11.20"]
[SourceVersion "1"]
[SourceVersionDate "2013.11.20"]
[SourceQuality "1"]
[WhiteTeam "Bronshoj"]
[BlackTeam "Valby K41"]
[WhiteTeamCountry "DEN"]
[BlackTeamCountry "DEN"]

1. e4 c5 2. Nf3 e6 3. d3 Nc6 4. g3 d6 5. Bg2 Be7 6. 0-0 Nf6 7. Nbd2 Bd7 8. Re1 Rc8 9. Nf1 0-0 10. c3 Qc7 11. h4 b5 12. a3 Ne5 13. Nxe5 dxe5 14. f4 exf4 15. Bxf4 e5 16. Bg5 Be6 17. Ne3 Rfd8 18. Qe2 c4 19. dxc4 Bxc4 20. Qf3 h6 21. Bxf6 Bxf6 22. Bf1 Rd2 23. Bxc4 bxc4 24. Re2 Rd3 25. Rf1 Bd8 26. Kh2 Rb8 27. Qg4 Rxe3 28. Rxe3 Rxb2+ 29. Re2 Rxe2+ 30. Qxe2 Be7 31. a4 Bc5 32. Rd1 Bb6 33. Rd5 a5 34. Qg4 Ba7 35. Qd7 Qb6 36. Qd8+ Qxd8 37. Rxd8+ Kh7 38. Rd5 Be3 39. Rxe5 Bd2 40. Rxa5 Bxc3 41. Rc5 1-0

[Event "DEN-chT 1213"]
[Site "Denmark"]
[Date "2012.12.02"]
[Round "3.4"]
[White "Greger, Roland Reinhard"]
[Black "Haubro, Martin"]
[Result "0-1"]
[WhiteElo "2364"]
[BlackElo "2151"]
[PlyCount "92"]
[EventDate "2012.10.27"]
[EventType "team-tourn"]
[EventRounds "9"]
[EventCountry "DEN"]
[SourceTitle "EXT 2014"]
[Source "ChessBase"]
[SourceDate "2013.11.20"]
[SourceVersion "1"]
[SourceVersionDate "2013.11.20"]
[SourceQuality "1"]
[WhiteTeam "Bronshoj"]
[BlackTeam "BMS"]
[WhiteTeamCountry "DEN"]
[BlackTeamCountry "DEN"]

1. e4 c5 2. Nf3 d6 3. d4 cxd4 4. Nxd4 Nf6 5. Nc3 a6 6. Bg5 Nbd7 7. f4 Qc7 8. Qf3 h6 9. Bh4 g5 10. fxg5 hxg5 11. Bxg5 Qc5 12. Nf5 e6 13. Bxf6 Nxf6 14. Ng3 Qg5 15. Bd3 Ng4 16. h3 Ne5 17. Qf2 Bd7 18. Nce2 Bh6 19. Rd1 0-0-0 20. Qb6 Bc6 21. Rf1 Rhg8 22. Rf4 Qe7 23. Rf2 Qh4 24. Bxa6 Rxg3 25. Nxg3 Qxg3 26. Rd3 Nxd3+ 27. cxd3 Qe3+ 28. Qxe3 Bxe3 29. Re2 Bd4 30. Bc4 Rh8 31. Kd1 Kd7 32. b4 b5 33. Bb3 Rg8 34. g4 Rh8 35. Rh2 Be5 36. Rh1 f5 37. gxf5 exf5 38. Rf1 fxe4 39. dxe4 Bxe4 40. Rf7+ Ke8 41. Ra7 Rxh3 42. Be6 Rh2 43. Bd7+ Kd8 44. Bxb5 Bf3+ 45. Ke1 Bg3+ 46. Kf1 Rh1# 0-1

[Event "DEN-chT 1112 50th"]
[Site "Denmark"]
[Date "2012.02.19"]
[Round "7.3"]
[White "Greger, Roland Reinhard"]
[Black "Mikkelsen, Nikolaj"]
[Result "0-1"]
[WhiteElo "2380"]
[BlackElo "2384"]
[PlyCount "78"]
[EventDate "2011.10.29"]
[EventType "team-tourn"]
[EventRounds "9"]
[EventCountry "DEN"]
[SourceTitle "EXT 2013"]
[Source "ChessBase"]
[SourceDate "2012.11.22"]
[SourceVersion "1"]
[SourceVersionDate "2012.11.22"]
[SourceQuality "1"]
[WhiteTeam "Valby K41"]
[BlackTeam "BMS"]
[WhiteTeamCountry "DEN"]
[BlackTeamCountry "DEN"]

1. e4 c5 2. Nf3 Nc6 3. d4 cxd4 4. Nxd4 Nf6 5. Nc3 d6 6. f3 e6 7. Be3 Be7 8. Qd2 0-0 9. g4 Nd7 10. 0-0-0 Nde5 11. Be2 Nxd4 12. Qxd4 Nc6 13. Qd2 a6 14. g5 b5 15. f4 Qa5 16. Rdf1 b4 17. Nb1 Qxa2 18. f5 Re8 19. f6 Bf8 20. b3 Rb8 21. Bh5 Rb7 22. Qf2 g6 23. Bd1 Na5 24. Bb6 Rxb6 25. Qxb6 Bb7 26. Qxb4 Rc8 27. Kd2 d5 28. Qa4 Nc4+ 29. Ke1 Qxb1 30. bxc4 Rxc4 31. Qb3 Qc1 32. Rf3 Rxe4+ 33. Kf2 Qd2+ 34. Kg3 Qxg5+ 35. Kf2 Qd2+ 36. Kg3 Bd6+ 37. Kh3 Rh4+ 38. Kxh4 Qh6+ 39. Kg4 Qh5# 0-1

[Event "DEN-chT 1112 50th"]
[Site "Denmark"]
[Date "2012.01.29"]
[Round "6.3"]
[White "Ahlander, Bjorn"]
[Black "Greger, Roland Reinhard"]
[Result "1/2-1/2"]
[WhiteElo "2422"]
[BlackElo "2380"]
[PlyCount "56"]
[EventDate "2011.10.29"]
[EventType "team-tourn"]
[EventRounds "9"]
[EventCountry "DEN"]
[SourceTitle "EXT 2013"]
[Source "ChessBase"]
[SourceDate "2012.11.22"]
[SourceVersion "1"]
[SourceVersionDate "2012.11.22"]
[SourceQuality "1"]
[WhiteTeam "Nordkalotten"]
[BlackTeam "Valby K41"]
[WhiteTeamCountry "DEN"]
[BlackTeamCountry "DEN"]

1. d4 Nf6 2. c4 c5 3. e3 g6 4. Nc3 Bg7 5. Nf3 0-0 6. Be2 d6 7. 0-0 Na6 8. Re1 Nc7 9. h3 b6 10. b3 a6 11. Bb2 Bb7 12. Qc2 cxd4 13. Nxd4 Ne6 14. Rad1 Rc8 15. Qd3 Nxd4 16. Qxd4 Ne4 17. Qd3 Nxc3 18. Bxc3 Bxc3 19. Qxc3 Qc7 20. Qd4 Qc5 21. Qh4 Rc7 22. Rd4 f5 23. Red1 Qe5 24. Qg5 Qf6 25. Qg3 Kg7 26. a4 Be4 27. R1d2 Rd8 28. f4 Rb8 1/2-1/2

[Event "DEN-chT 1112 50th"]
[Site "Denmark"]
[Date "2011.10.30"]
[Round "2.3"]
[White "Greger, Roland Reinhard"]
[Black "Ostergaard, Jens"]
[Result "1/2-1/2"]
[WhiteElo "2380"]
[BlackElo "2260"]
[PlyCount "81"]
[EventDate "2011.10.29"]
[EventType "team-tourn"]
[EventRounds "9"]
[EventCountry "DEN"]
[SourceTitle "EXT 2012"]
[Source "ChessBase"]
[SourceDate "2011.11.24"]
[SourceVersion "1"]
[SourceVersionDate "2011.11.24"]
[SourceQuality "1"]
[WhiteTeam "Valby K41"]
[BlackTeam "Hillerod"]
[WhiteTeamCountry "DEN"]
[BlackTeamCountry "DEN"]

1. e4 c5 2. Nf3 Nc6 3. Nc3 g6 4. d4 cxd4 5. Nxd4 Bg7 6. Be3 Nf6 7. f3 0-0 8. Nb3 d6 9. Qd2 Be6 10. h4 h5 11. Nd5 Bxd5 12. exd5 Ne5 13. 0-0-0 Qc7 14. Qa5 b6 15. Qa6 Rfc8 16. c3 Nfd7 17. Bd4 Nc5 18. Nxc5 bxc5 19. Bxe5 Bxe5 20. g4 hxg4 21. fxg4 c4 22. Rh3 Rab8 23. Rf3 Qc5 24. Qa4 Qg1 25. Bh3 Qh2 26. Qc2 Bf4+ 27. Kb1 Qxc2+ 28. Kxc2 g5 29. Bf1 Rc5 30. b4 cxb3+ 31. axb3 Kg7 32. Bc4 Rh8 33. hxg5 Rh2+ 34. Kb1 Bxg5 35. Rdf1 f6 36. R1f2 Rh1+ 37. Kb2 a5 38. Re2 Kf8 39. Re4 Rh2+ 40. Kb1 Rh1+ 41. Kb2 1/2-1/2

[Event "EU-Cup 27th"]
[Site "Rogaska Slatina"]
[Date "2011.09.25"]
[Round "1"]
[White "Greger, Roland Reinhard"]
[Black "Tikkanen, Hans"]
[Result "1-0"]
[WhiteElo "2380"]
[BlackElo "2591"]
[PlyCount "99"]
[EventDate "2011.09.25"]
[EventType "team-swiss"]
[EventRounds "7"]
[EventCountry "SLO"]
[SourceTitle "CBM 145"]
[Source "ChessBase"]
[SourceDate "2011.11.11"]
[SourceVersion "1"]
[SourceVersionDate "2011.11.11"]
[SourceQuality "1"]
[WhiteTeam "Copenhagen K41"]
[BlackTeam "Lunds"]
[WhiteTeamCountry "DEN"]
[BlackTeamCountry "SWE"]

1. e4 e6 2. d4 d5 3. e5 c5 4. c3 Qb6 5. Nf3 Nc6 6. a3 Nh6 7. b4 cxd4 8. cxd4 Nf5 9. Bb2 Bd7 10. g4 Nfe7 11. Nc3 Na5 12. Na4 Qc6 13. Nc5 Nc4 14. Bc1 a5 15. Nxd7 Qxd7 16. bxa5 Rxa5 17. Bd3 Nc6 18. 0-0 b5 19. a4 Bb4 20. Bc2 Qa7 21. Be3 Bc3 22. Rc1 Nb2 23. Qe2 b4 24. Bb3 0-0 25. Rb1 Nxa4 26. Bc2 g6 27. h4 Nb6 28. h5 Ra2 29. Qd1 Na5 30. Ng5 Qe7 31. Qd3 Rxc2 32. Qxc2 Nbc4 33. Nf3 Na3 34. Qd3 f5 35. Bg5 Qf7 36. Bf6 Nxb1 37. Ng5 Qe8 38. Rxb1 Nc4 39. h6 Rxf6 40. exf6 Nd6 41. Qa6 Nf7 42. Nxf7 Kxf7 43. g5 Qb8 44. Qc6 Qa7 45. Rd1 f4 46. Kg2 f3+ 47. Kxf3 Bb2 48. Re1 Qxd4 49. Qxe6+ Kf8 50. Qe8# 1-0

[Event "DEN-chT 1011 49th"]
[Site "Denmark"]
[Date "2011.03.13"]
[Round "9.1"]
[White "Rasmussen, Karsten"]
[Black "Greger, Roland Reinhard"]
[Result "0-1"]
[WhiteElo "2451"]
[BlackElo "2389"]
[PlyCount "102"]
[EventDate "2010.11.06"]
[EventType "team-tourn"]
[EventRounds "9"]
[EventCountry "DEN"]
[SourceTitle "EXT 2012"]
[Source "ChessBase"]
[SourceDate "2011.11.24"]
[SourceVersion "1"]
[SourceVersionDate "2011.11.24"]
[SourceQuality "1"]
[WhiteTeam "Aarhus/Skolerne"]
[BlackTeam "Valby K41"]
[WhiteTeamCountry "DEN"]
[BlackTeamCountry "DEN"]

1. Nf3 Nf6 2. c4 e6 3. Nc3 d5 4. d4 Be7 5. Bf4 0-0 6. e3 a6 7. cxd5 exd5 8. Bd3 Bg4 9. h3 Bh5 10. g4 Bg6 11. Bxg6 hxg6 12. Qb3 Nc6 13. 0-0 Na5 14. Qc2 Rc8 15. Rac1 Nc4 16. Ne5 c6 17. Nxc4 dxc4 18. Ne2 b5 19. e4 Nd7 20. Bg3 g5 21. Rcd1 Nb6 22. Qd2 Bf6 23. f4 gxf4 24. Bxf4 Re8 25. Ng3 Bh4 26. Nf5 Rxe4 27. Nd6 c3 28. bxc3 Nc4 29. Nxc4 bxc4 30. Qg2 Qd5 31. Be5 f6 32. Bg3 Bxg3 33. Qxg3 Rce8 34. Rde1 Re2 35. Rxe2 Rxe2 36. a4 Qe4 37. Qf3 Qd3 38. Rf2 Re3 39. Qxc6 Rg3+ 40. Kh2 Rxh3+ 41. Kg2 Qg3+ 42. Kf1 Qxg4 43. Qxc4+ Kh8 44. Ke1 Rh1+ 45. Kd2 Qd1+ 46. Ke3 Rh3+ 47. Ke4 Qh1+ 48. Kf5 Re3 49. Kg6 Qh7+ 50. Kf7 Qg8+ 51. Kg6 Rg3+ 0-1

[Event "DEN-chT 1011 49th"]
[Site "Denmark"]
[Date "2011.01.30"]
[Round "6.2"]
[White "Schandorff, Lars"]
[Black "Greger, Roland Reinhard"]
[Result "1-0"]
[WhiteElo "2488"]
[BlackElo "2389"]
[PlyCount "95"]
[EventDate "2010.11.06"]
[EventType "team-tourn"]
[EventRounds "9"]
[EventCountry "DEN"]
[SourceTitle "EXT 2012"]
[Source "ChessBase"]
[SourceDate "2011.11.24"]
[SourceVersion "1"]
[SourceVersionDate "2011.11.24"]
[SourceQuality "1"]
[WhiteTeam "Sydostfyn"]
[BlackTeam "Valby K41"]
[WhiteTeamCountry "DEN"]
[BlackTeamCountry "DEN"]

1. d4 Nf6 2. c4 c5 3. d5 b5 4. cxb5 a6 5. bxa6 g6 6. Nc3 Bxa6 7. g3 d6 8. Bg2 Bg7 9. Nf3 0-0 10. Rb1 Nbd7 11. 0-0 Nb6 12. b3 Bb7 13. Nh4 Qd7 14. Qd2 h6 15. e4 Ba6 16. Re1 c4 17. Nf3 cxb3 18. axb3 Qb7 19. Nd4 Ng4 20. Nc6 Ne5 21. Nxe5 Bxe5 22. Bb2 Nd7 23. f4 Bg7 24. Na4 Bxb2 25. Rxb2 Rfb8 26. e5 Nb6 27. Nxb6 Qxb6+ 28. Kh1 Qb4 29. Qxb4 Rxb4 30. exd6 exd6 31. Ra2 Kg7 32. Bf1 Rb6 33. Rea1 Bxf1 34. Rxa8 Bd3 35. Kg1 Be4 36. R8a3 Bxd5 37. Rd1 Be4 38. Rd4 d5 39. b4 g5 40. Kf2 Kf6 41. Ra5 Kf5 42. Ke3 Kg4 43. b5 Re6 44. Rb4 gxf4+ 45. gxf4 Bf3+ 46. Kd3 Be2+ 47. Kd2 Bc4 48. b6 1-0

[Event "DEN-chT 1011 49th"]
[Site "Denmark"]
[Date "2011.01.15"]
[Round "4.2"]
[White "Greger, Roland Reinhard"]
[Black "Bekker Jensen, Simon"]
[Result "0-1"]
[WhiteElo "2389"]
[BlackElo "2397"]
[PlyCount "98"]
[EventDate "2010.11.06"]
[EventType "team-tourn"]
[EventRounds "9"]
[EventCountry "DEN"]
[SourceTitle "EXT 2012"]
[Source "ChessBase"]
[SourceDate "2011.11.24"]
[SourceVersion "1"]
[SourceVersionDate "2011.11.24"]
[SourceQuality "1"]
[WhiteTeam "Valby K41"]
[BlackTeam "Bronshoj"]
[WhiteTeamCountry "DEN"]
[BlackTeamCountry "DEN"]

1. e4 c5 2. Nf3 d6 3. d4 Nf6 4. Nc3 cxd4 5. Nxd4 a6 6. f4 g6 7. Be2 Nbd7 8. 0-0 Bg7 9. a4 0-0 10. Nb3 b6 11. Bf3 Bb7 12. Qe2 Qc7 13. Nd5 Nxd5 14. exd5 Rfe8 15. c3 e5 16. dxe6 Rxe6 17. Qd3 Nc5 18. Nxc5 Qxc5+ 19. Kh1 Bxf3 20. Qxf3 Rae8 21. Bd2 Qc4 22. f5 Re2 23. Rad1 Qxa4 24. fxg6 fxg6 25. Qd5+ Kh8 26. Bf4 Qe4 27. Qxe4 R8xe4 28. Bxd6 Rxb2 29. Bc5 bxc5 30. Rd8+ Bf8 31. Rdxf8+ Kg7 32. R8f7+ Kh6 33. Rc7 Ree2 34. h4 Rxg2 35. Rff7 Rh2+ 36. Kg1 Kh5 37. Rf4 h6 38. Rxc5+ g5 39. hxg5 hxg5 40. Rff5 Rhg2+ 41. Kf1 Kh4 42. Rf3 g4 43. Re3 Rgf2+ 44. Kg1 Rfc2 45. Rf5 Rb1+ 46. Rf1 Rxf1+ 47. Kxf1 a5 48. Ke1 g3 49. Kd1 Ra2 0-1

[Event "Copenhagen sim1"]
[Site "Copenhagen"]
[Date "2010.07.30"]
[Round "?"]
[White "Svidler, Peter"]
[Black "Greger, Roland Reinhard"]
[Result "1-0"]
[WhiteElo "2734"]
[BlackElo "2389"]
[PlyCount "79"]
[EventDate "2010.07.30"]
[EventType "simul"]
[EventRounds "1"]
[EventCountry "DEN"]
[SourceTitle "CBM 137 Extra"]
[Source "ChessBase"]
[SourceDate "2010.09.01"]
[SourceVersion "1"]
[SourceVersionDate "2010.09.01"]
[SourceQuality "1"]

1. e4 e6 2. d4 d5 3. Nc3 Nf6 4. e5 Nfd7 5. f4 c5 6. Nf3 Nc6 7. Be3 cxd4 8. Nxd4 Bc5 9. Qd2 a6 10. 0-0-0 Nxd4 11. Bxd4 Qc7 12. Qe3 b5 13. Bd3 Bb7 14. Ne2 0-0-0 15. h4 f6 16. Bxc5 Qxc5 17. Nd4 Rdf8 18. Rde1 fxe5 19. fxe5 Qb6 20. Rhf1 h6 21. h5 Rxf1 22. Rxf1 Rf8 23. Rxf8+ Nxf8 24. Qf4 Nd7 25. Be2 Kb8 26. Bg4 Nc5 27. Kd1 Bc8 28. Qf8 b4 29. Ke2 a5 30. Ke3 Qc7 31. Kf4 Nd7 32. Qxg7 Qc4 33. Ke3 Qf1 34. Nxe6 d4+ 35. Kxd4 Qf2+ 36. Kd5 Qxg2+ 37. Kd6 Qxc2 38. Qxh6 Qd3+ 39. Ke7 Nb6 40. Nc5 1-0